Applied mathematics-I (Record no. 11705)

000 -LEADER
fixed length control field 00424nam a22001697a 4500
008 - FIXED-LENGTH DATA ELEMENTS--GENERAL INFORMATION
fixed length control field 201230b ||||| |||| 00| 0 eng d
082 ## - DEWEY DECIMAL CLASSIFICATION NUMBER
Classification number 510
Item number KUM
100 ## - MAIN ENTRY--PERSONAL NAME
Personal name Kumbhojkar, G. V.
245 ## - TITLE STATEMENT
Title Applied mathematics-I
250 ## - EDITION STATEMENT
Edition statement 2nd Ed.
260 ## - PUBLICATION, DISTRIBUTION, ETC. (IMPRINT)
Place of publication, distribution, etc Mumbai
Name of publisher, distributor, etc C. Jamnadas & Co.
Date of publication, distribution, etc 2014
300 ## - PHYSICAL DESCRIPTION
Extent xii, P-7p.
650 ## - SUBJECT ADDED ENTRY--TOPICAL TERM
Topical term or geographic name as entry element Mathematics
650 ## - SUBJECT ADDED ENTRY--TOPICAL TERM
Topical term or geographic name as entry element Expansions of Functions
650 ## - SUBJECT ADDED ENTRY--TOPICAL TERM
Topical term or geographic name as entry element Linear Equations
942 ## - ADDED ENTRY ELEMENTS (KOHA)
Item type Books
Holdings
Withdrawn status Lost status Source of classification or shelving scheme Damaged status Not for loan Collection code Permanent location Current location Shelving location Date acquired Full call number Barcode Date last seen Koha item type Public note
          Non-fiction IMU-MPC Library IMU-MPC Library General Stacks 2020-12-30 510 KUM MPCG0296 2025-03-17 Books Column - 21
          Non-fiction IMU-MPC Library IMU-MPC Library General Stacks 2020-12-31 510 KUM MPCG0382 2025-03-17 Books Column - 21
Copyright © 2021 Indian Maritime University, Mumbai Port Campus. All Rights Reserved. Managed & Maintained by Central Library, IMU-Mumbai

webs counters

Powered by Koha